| 000 | 00365nam a2200145Ia 4500 | ||
|---|---|---|---|
| 008 | 150201s1993 xx 000 0 und d | ||
| 082 |
_a610 _bC1993D |
||
| 100 | _aDALA, P.M. | ||
| 245 | _aCURRENT CONCEPT IN INTERNAL MEDICINE | ||
| 250 | _a1ST | ||
| 260 |
_bASSOCIATION PHYSICIAN OF INDIA _aDELHI _c1993 |
||
| 300 | _a1-285 | ||
| 650 | _aMEDICINE | ||
| 942 |
_2ddc _cBK |
||
| 999 |
_c3301 _d3301 |
||